Wybierz wszystkie liczby - Statystyki

Ogólne statystyki
  • Ten quiz został rozwiązany 15 razy
  • Średni wynik to 54 z 77
Statystyki odpowiedzi
Zagadnienie Komórka Select % Poprawnych
liczby pierwsze 3 Tak
100%
liczby pierwsze 7 Tak
100%
liczby pierwsze 11 Tak
93%
liczby pierwsze 13 Tak
93%
liczby pierwsze 16 Nie
93%
liczby pierwsze 18 Nie
93%
liczby składające się z 3 liter, gdy są napisane po angielsku 2 Tak
93%
liczby pierwsze 20 Nie
93%
liczby pierwsze 21 Nie
93%
liczby pierwsze 22 Nie
93%
liczby pierwsze 24 Nie
93%
liczby pierwsze 25 Nie
93%
liczby pierwsze 26 Nie
93%
liczby składające się z 3 liter, gdy są napisane po angielsku 3 Nie
93%
liczby pierwsze 5 Tak
93%
liczby podzielne przez 7 56 Tak
93%
liczby składające się z 3 liter, gdy są napisane po angielsku 7 Nie
93%
liczby składające się z 3 liter, gdy są napisane po angielsku 8 Nie
93%
liczby składające się z 3 liter, gdy są napisane po angielsku 1 Tak
86%
liczby podzielne przez 7 103 Nie
86%
liczby pierwsze 12 Nie
86%
liczby podzielne przez 7 124 Nie
86%
liczby pierwsze 14 Nie
86%
liczby pierwsze 15 Nie
86%
liczby pierwsze 2 Tak
86%
liczby podzielne przez 7 21 Tak
86%
liczby pierwsze 23 Tak
86%
liczby do kwadratu 25 Tak
86%
liczby do kwadratu 36 Tak
86%
liczby do kwadratu 360 Nie
86%
liczby składające się z 3 liter, gdy są napisane po angielsku 5 Nie
86%
liczby do kwadratu 64 Tak
86%
liczby do kwadratu 81 Tak
86%
liczby składające się z 3 liter, gdy są napisane po angielsku 9 Nie
86%
liczby pierwsze 10 Nie
79%
liczby składające się z 3 liter, gdy są napisane po angielsku 10 Tak
79%
liczby do kwadratu 148 Nie
79%
liczby pierwsze 17 Tak
79%
liczby pierwsze 19 Tak
79%
liczby pierwsze 4 Nie
79%
liczby składające się z 3 liter, gdy są napisane po angielsku 4 Nie
79%
liczby do kwadratu 48 Nie
79%
liczby pierwsze 6 Nie
79%
liczby składające się z 3 liter, gdy są napisane po angielsku 6 Tak
79%
liczby pierwsze 8 Nie
79%
liczby podzielne przez 7 176 Nie
71%
liczby pierwsze 9 Nie
71%
liczby do kwadratu 216 Nie
64%
liczby w ciągu Fibonacciego 8 Tak
64%
liczby w ciągu Fibonacciego 1 Tak
57%
liczby podzielne przez 7 154 Tak
57%
liczby w ciągu Fibonacciego 16 Nie
57%
liczby w ciągu Fibonacciego 10 Nie
50%
liczby w ciągu Fibonacciego 13 Tak
50%
liczby do kwadratu 169 Tak
50%
liczby w ciągu Fibonacciego 22 Nie
50%
liczby w ciągu Fibonacciego 24 Nie
50%
liczby w ciągu Fibonacciego 3 Tak
50%
liczby w ciągu Fibonacciego 6 Nie
50%
liczby podzielne przez 7 91 Tak
50%
liczby w ciągu Fibonacciego 11 Nie
43%
liczby w ciągu Fibonacciego 15 Nie
43%
liczby w ciągu Fibonacciego 19 Nie
43%
liczby w ciągu Fibonacciego 2 Tak
43%
liczby podzielne przez 7 203 Tak
43%
liczby w ciągu Fibonacciego 25 Nie
43%
liczby w ciągu Fibonacciego 4 Nie
43%
liczby w ciągu Fibonacciego 5 Tak
43%
liczby w ciągu Fibonacciego 9 Nie
43%
liczby w ciągu Fibonacciego 12 Nie
36%
liczby w ciągu Fibonacciego 14 Nie
36%
liczby w ciągu Fibonacciego 17 Nie
36%
liczby w ciągu Fibonacciego 18 Nie
36%
liczby w ciągu Fibonacciego 20 Nie
36%
liczby w ciągu Fibonacciego 21 Tak
36%
liczby w ciągu Fibonacciego 7 Nie
36%
liczby w ciągu Fibonacciego 23 Nie
29%
Nie znaleziono quizów pasujących do podanych kryteriów
Rozkład punktacji
Procent ludzi z każdym wynikiem
Percentyl według liczby udzielonych odpowiedzi
Twoja historia wyników
Nie rozwiązałeś tego quizu